| 000 | 01198nam a22002657a 4500 | ||
|---|---|---|---|
| 999 |
_c27401 _d27401 |
||
| 020 | _a9788193376157 | ||
| 082 | 0 | 4 |
_a338.954164 _bFER-T |
| 100 | 1 | _aFernandes, Walter | |
| 245 | 1 | 4 |
_aThe challenge of development : _bdisplacement in Nagaland 1947-2010 / _cWalter Fernandes [and five others]. |
| 260 |
_aAssam: _bNorth-Eastern Social Research Centre, _c2017 |
||
| 300 | _axiii, 288p. | ||
| 520 | _a The book studies the extent of land acquisition and displacement 1947-2010 in Nagaland, its impact on the people affected by, and proposes a development paradigm that can combine economic growth and infrastructure building with people’s development. | ||
| 650 | 0 |
_aEconomic development projects _xSocial aspects _zIndia _zNāgāland. |
|
| 650 | 0 |
_aLand use _zIndia _zNāgāland. |
|
| 650 | 0 |
_aForced migration _zIndia _zNāgāland. |
|
| 650 | 0 |
_aRehabilitation _zIndia _zNāgāland. |
|
| 700 | _aMughavi, Bokali Chishi | ||
| 700 | _a Pienyu, Medonuo | ||
| 700 | _a Achumi, K. Alibo | ||
| 700 | _aYanthan, Mhonthung | ||
| 700 | _a Fidelia,Thejanuo | ||
| 710 | 2 | _aNorth-Eastern Social Research Centre (Gauhati, India), | |
| 710 | 2 | _aSt. Joseph's College (Jakhama, India), | |
| 942 |
_2ddc _cBK |
||